Suverénne fondy investujú po celom svete niektoré krajiny nežijú na dlh, ale vytvárajú bohatstvo

Suverénny fond (sovereign wealth fund) - investičný nástroj štátu vytvorený vďaka rezervám v zahraničnej mene, ktoré riadi a ktoré sú potrebné na stabilizačné ciele. Uchovanie bohatstva krajiny vhodným investovaním.

Gespeichert in:
Bibliographische Detailangaben
1. Verfasser: Bačišin, Vladimír
Format: Buchkapitel
Sprache:Slowakisch
Schlagworte:
Tags: Tag hinzufügen
Keine Tags, Fügen Sie das erste Tag hinzu!

MARC

LEADER 00000naa a2200000 4500
001 0146071
005 20231019092023.6
041 0 |a slo 
044 |a SK 
245 1 0 |a Suverénne fondy investujú po celom svete  |b niektoré krajiny nežijú na dlh, ale vytvárajú bohatstvo  |c Vladimír Bačišin 
520 |a Suverénny fond (sovereign wealth fund) - investičný nástroj štátu vytvorený vďaka rezervám v zahraničnej mene, ktoré riadi a ktoré sú potrebné na stabilizačné ciele. Uchovanie bohatstva krajiny vhodným investovaním. 
610 2 0 |a trh kapitálový 
610 2 0 |a stratégia investičná 
610 2 0 |a investori 
610 2 0 |a banky centrálne 
610 2 0 |a fondy investičné 
610 2 0 |a koncentrácia investícií 
610 2 0 |a portfólio 
610 2 0 |a diverzifikácia 
610 2 0 |a kapitál 
610 2 0 |a efektívnosť investícií 
100 1 |a Bačišin, Vladimír